| 000 | 00429 a2200133 4500 | ||
|---|---|---|---|
| 001 | 91542 | ||
| 082 | _aPR 1501 | ||
| 090 |
_c43681 _d43680 |
||
| 100 | _aJunaid Ali; Prof Wajih H. Hashmi and nauman Siddiqui, Advisors | ||
| 245 |
_aTo Develop Linux Proxy Server Sharing Internet with other PC's Running Multiple Operating Systems _n56 "B" EC |
||
| 260 |
_aRawalpindi _bNUST _c2002 |
||
| 300 | _a34p | ||
| 500 | _aBE Project Reports | ||
| 942 |
_aCAE NUST _kPR 1501 |
||
| 999 |
_c326615 _d326615 |
||